| 000 | 00599nam a22002177a 4500 | ||
|---|---|---|---|
| 005 | 20170124110120.0 | ||
| 010 | _aA-736051 | ||
| 020 |
_c70.00 _a8171671845 |
||
| 035 | _aA-736051 | ||
| 037 | _bCen Lib/Ret | ||
| 040 |
_aDPL _bEN |
||
| 082 |
_aN _bBAN |
||
| 100 |
_aBandara, Madduma _930495 |
||
| 245 |
_aSt. Anarchy's college / _cby Madduma Bandara |
||
| 260 |
_aNew Delhi _bRupa & Co. _c1994 |
||
| 270 |
_a7/16, Ansari Road Darya Ganj _bNew Delhi _e110002 |
||
| 300 |
_a184p. _c18cm(Hb) |
||
| 650 |
_aEnglish Literature _9106153 |
||
| 650 |
_aSchoolboy _930497 |
||
| 942 |
_2ddc _cEN _hN _mBAN |
||
| 999 |
_c130960 _d130960 |
||